[Event "USCL Tennessee vs Dallas"]
[Site "Internet Chess Club"]
[Date "2006.10.04"]
[Round "6"]
[White "Kuljasevic, Davorin"]
[Black "Andrews, Todd"]
[Result "1-0"]
[WhiteElo "2477"]
[BlackElo "2350"]
[PlyCount "115"]
[EventDate "2006.??.??"]

1. Nf3 Nf6 2. d4 b5 3. Bg5 Bb7 4. Nbd2 a6 5. a4 b4 6. Bxf6 gxf6 7. g3 e6 8. Bg2
c5 9. dxc5 Bxc5 10. Nb3 Be7 11. O-O d5 12. Qd2 Nc6 13. c3 bxc3 14. bxc3 O-O 15.
a5 Qc7 16. Ra4 Ne5 17. Rh4 Nxf3+ 18. Bxf3 f5 19. Rh5 Qe5 20. Nd4 Rac8 21. Rb1
Rc7 22. c4 Rd8 23. Rxb7 Rxb7 24. Nc6 Qa1+ 25. Kg2 Bf6 26. Nxd8 Rb1 27. Kh3 Rg1
28. Bg2 Bxd8 29. cxd5 Qg7 30. f3 Qg6 31. Rh6 Qg5 32. Qxg5+ Bxg5 33. dxe6 Kf8
34. Rxh7 fxe6 35. f4 Be7 36. Rh8+ Kf7 37. Ra8 Ra1 38. Rxa6 Bd8 39. Ra7+ Kf6 40.
a6 Bb6 41. Ra8 Be3 42. Bb7 Ke7 43. Rc8 Ra2 44. Rc3 Bb6 45. Bf3 Bd4 46. Rc7+ Kd6
47. Rc6+ Kd7 48. Kg2 Ra3 49. Rc4 Ba7 50. Bc6+ Kc7 51. Bb7+ Kd6 52. Rc6+ Kd7 53.
Rc2 Ra1 54. Bc8+ Kd6 55. Rd2+ Kc6 56. Bxe6 Rxa6 57. Bxf5 Ra1 58. Be4+ 1-0

[Event "USCL Tennessee vs Dallas"]
[Site "Internet Chess Club"]
[Date "2006.10.04"]
[Round "6"]
[White "Bereolos, Peter"]
[Black "Schneider, Igor"]
[Result "1/2-1/2"]
[WhiteElo "2319"]
[BlackElo "2435"]
[PlyCount "100"]
[EventDate "2006.??.??"]

1. d4 d5 2. c4 e6 3. Nc3 c6 4. e4 dxe4 5. Nxe4 Bb4+ 6. Bd2 Qxd4 7. Bxb4 Qxe4+
8. Be2 Na6 9. Bc3 Ne7 10. Bxg7 Rg8 11. Bc3 Qxg2 12. Qd2 Qg5 13. Nf3 Qxd2+ 14.
Nxd2 Nc5 15. b4 Na4 16. Be5 Ng6 17. Rg1 f5 18. O-O-O c5 19. b5 Bd7 20. Bh5 Ke7
21. Bxg6 Rxg6 22. Rxg6 hxg6 23. Rg1 Be8 24. Kc2 a6 25. bxa6 Rxa6 26. f4 Nb6 27.
Kb3 Nd7 28. Bc3 Rd6 29. Kc2 Nf6 30. h3 b5 31. cxb5 Bxb5 32. Rxg6 Nd5 33. Be5
Nb4+ 34. Kd1 Rd3 35. Rg7+ Kf8 36. Rh7 Rg3 37. Rh8+ Kf7 38. Rh7+ Ke8 39. Nb3
Rg1+ 40. Kd2 Rg2+ 41. Kd1 Rxa2 42. Nxc5 Be2+ 43. Ke1 Nd3+ 44. Nxd3 Bxd3 45.
Rh8+ Kd7 46. Rh7+ Kc6 47. h4 Kd5 48. Re7 Re2+ 49. Kd1 Rh2 50. Bf6 Be4 1/2-1/2

[Event "USCL Tennessee vs Dallas"]
[Site "Internet Chess Club"]
[Date "2006.10.04"]
[Round "6"]
[White "Lopez, Nelson"]
[Black "Larson, Gerald"]
[Result "1-0"]
[WhiteElo "2136"]
[BlackElo "2110"]
[PlyCount "59"]
[EventDate "2006.??.??"]

1. e4 c5 2. Nf3 Nc6 3. Bb5 d6 4. O-O Bd7 5. Re1 Nf6 6. h3 e6 7. b3 Ne5 8. a4
Ng6 9. d4 cxd4 10. Qxd4 Be7 11. c4 O-O 12. Ba3 e5 13. Qd2 Be6 14. a5 a6 15. Ba4
Qc7 16. Nc3 Nf4 17. Kh2 Bxh3 18. gxh3 Qc8 19. Ng1 Ng4+ 20. Kh1 Bg5 21. hxg4
Qxg4 22. f3 Qh5+ 23. Qh2 Qg6 24. Bd7 Bh4 25. Bf5 Qg5 26. Nh3 Nxh3 27. Qxh3 g6
28. Rg1 Qd2 29. Nd5 Bg5 30. Bc1 1-0

[Event "USCL Seattle vs Miami"]
[Site "Internet Chess Club"]
[Date "2006.10.04"]
[Round "6"]
[White "Lugo, Blas"]
[Black "Orlov, Georgi"]
[Result "0-1"]
[WhiteElo "2447"]
[BlackElo "2574"]
[PlyCount "74"]
[EventDate "2006.??.??"]

1. e4 e6 2. Nf3 d5 3. Nc3 Nf6 4. e5 Nfd7 5. d4 c5 6. dxc5 Nc6 7. Bf4 Bxc5 8.
Bd3 f6 9. exf6 Qxf6 10. Bg5 Qf7 11. Bh4 h6 12. Qe2 O-O 13. a3 Nf6 14. O-O Bd7
15. Rae1 Nh5 16. Ne5 Nxe5 17. Qxe5 a6 18. Ne2 g5 19. Bxg5 Bxf2+ 20. Kh1 hxg5
21. Qxg5+ Ng7 22. Bg6 Qf6 23. Qh6 Qh4 24. Qxh4 Bxh4 25. g3 Bf6 26. c3 Bc6 27.
Nd4 Bxd4 28. cxd4 Bb5 29. Rxf8+ Rxf8 30. Kg2 Rf6 31. Bb1 Kf7 32. h4 Nf5 33.
Bxf5 exf5 34. Re5 Bd3 35. Kf3 Be4+ 36. Kf2 a5 37. h5 Rb6 0-1

[Event "USCL Seattle vs Miami"]
[Site "Internet Chess Club"]
[Date "2006.10.04"]
[Round "6"]
[White "Readey, John"]
[Black "Moreno Roman, Alejandro"]
[Result "1/2-1/2"]
[WhiteElo "2326"]
[BlackElo "2437"]
[PlyCount "59"]
[EventDate "2006.??.??"]

1. Nf3 Nf6 2. c4 e6 3. g3 b6 4. Bg2 Bb7 5. O-O c5 6. Nc3 Be7 7. d4 cxd4 8. Qxd4
d6 9. Rd1 a6 10. Bg5 Nbd7 11. Qd2 Qc7 12. b3 Nc5 13. Bxf6 Bxf6 14. Rac1 Be7 15.
Qe3 O-O 16. Nd4 Bxg2 17. Kxg2 Qb7+ 18. Qf3 Qxf3+ 19. Kxf3 Rfc8 20. e3 Rc7 21.
Ke2 Rac8 22. f4 Nd7 23. Kd3 d5 24. cxd5 Bb4 25. Nde2 Ba3 26. Rb1 Bb4 27. Rbc1
Ba3 28. Rb1 Bb4 29. Rbc1 Ba3 30. Rb1 1/2-1/2

[Event "USCL Seattle vs Miami"]
[Site "Internet Chess Club"]
[Date "2006.10.04"]
[Round "6"]
[White "Cabrera, Jose"]
[Black "Lee, Michael"]
[Result "0-1"]
[WhiteElo "2077"]
[BlackElo "2124"]
[PlyCount "90"]
[EventDate "2006.??.??"]

1. c4 Nf6 2. Nc3 g6 3. g3 Bg7 4. Bg2 O-O 5. Nf3 d6 6. O-O e5 7. d3 Nc6 8. Rb1
a5 9. a3 Nd4 10. b4 axb4 11. axb4 c6 12. b5 Bg4 13. Be3 Nxf3+ 14. exf3 Be6 15.
bxc6 bxc6 16. f4 Rc8 17. fxe5 dxe5 18. Rb6 Qd7 19. Na4 Bh3 20. Qb3 Qf5 21. f3
h5 22. Nc5 Bxg2 23. Kxg2 Rfd8 24. Ne4 h4 25. g4 Nxg4 26. fxg4 h3+ 27. Kg1 Qxg4+
28. Ng3 f5 29. c5+ Kh8 30. Rb4 f4 31. Bxf4 exf4 32. Rfxf4 Qg5 33. Rh4+ Bh6 34.
Qb2+ Kg8 35. Qa2+ Rd5 36. Rbf4 Rf8 37. Rxf8+ Bxf8 38. Rc4 Bxc5+ 39. Kh1 Qe3 40.
Qa8+ Kg7 41. Qb7+ Kh6 42. Rh4+ Kg5 43. Ne4+ Kxh4 44. Qh7+ Rh5 45. Qxg6 Qf3+ 0-1

[Event "USCL Miami vs Dallas"]
[Site "Internet Chess Club"]
[Date "2006.10.09"]
[Round "7"]
[White "Stopa, Jacek"]
[Black "Moreno Roman, Alejandro"]
[Result "1/2-1/2"]
[WhiteElo "2432"]
[BlackElo "2437"]
[PlyCount "72"]
[EventDate "2006.??.??"]

1. Nc3 c5 2. Nf3 Nc6 3. e4 g6 4. d4 cxd4 5. Nxd4 Bg7 6. Nb3 Nf6 7. Be2 O-O 8.
O-O d6 9. Bg5 Be6 10. f4 Na5 11. f5 Bc4 12. Kh1 Rc8 13. Bd3 b5 14. Qf3 b4 15.
Ne2 Bxd3 16. cxd3 Nc6 17. Rac1 Ne5 18. Qh3 Rxc1 19. Nbxc1 Qc7 20. b3 d5 21. d4
Nxe4 22. Bf4 Qb6 23. Bxe5 Bxe5 24. dxe5 Nf2+ 25. Rxf2 Qxf2 26. fxg6 hxg6 27.
Ng1 e6 28. Nce2 Rc8 29. Qd3 Qe1 30. h3 Rc3 31. Qa6 Re3 32. Nd4 Rg3 33. Nde2 Re3
34. Nd4 Rg3 35. Nde2 Re3 36. Nd4 Rg3 1/2-1/2

[Event "USCL Miami vs Dallas"]
[Site "Internet Chess Club"]
[Date "2006.10.09"]
[Round "7"]
[White "Martinez, Marcel"]
[Black "Vavrak, Peter"]
[Result "0-1"]
[WhiteElo "2415"]
[BlackElo "2448"]
[PlyCount "62"]
[EventDate "2006.??.??"]

1. e4 e6 2. d4 d5 3. Nc3 Nf6 4. e5 Nfd7 5. f4 c5 6. Nf3 a6 7. Be3 Qb6 8. Na4
Qa5+ 9. c3 cxd4 10. b4 Qc7 11. Qxd4 Nc6 12. Qd2 b5 13. Nb2 Be7 14. a4 bxa4 15.
Rxa4 Bb7 16. Be2 f6 17. exf6 Nxf6 18. Nd4 Nxd4 19. Bxd4 Ne4 20. Qe3 O-O 21. O-O
Bf6 22. Ra3 e5 23. fxe5 Bxe5 24. Rxf8+ Rxf8 25. Bxe5 Qxe5 26. Nd3 Qf6 27. Nc5
Nxc3 28. Rxc3 d4 29. Qe6+ Qxe6 30. Nxe6 dxc3 31. Nxf8 c2 0-1

[Event "USCL Miami vs Dallas"]
[Site "Internet Chess Club"]
[Date "2006.10.09"]
[Round "7"]
[White "Lopez, Nelson"]
[Black "Barredo, Luis"]
[Result "0-1"]
[WhiteElo "2136"]
[BlackElo "2160"]
[PlyCount "146"]
[EventDate "2006.??.??"]

1. e4 e6 2. Qe2 e5 3. Nf3 Nc6 4. c3 Nf6 5. d4 d5 6. exd5 Qxd5 7. Nxe5 Nxe5 8.
Qxe5+ Qxe5+ 9. dxe5 Ng4 10. Bf4 Bc5 11. Bg3 O-O 12. Be2 f6 13. Bxg4 Bxg4 14.
O-O Rad8 15. b4 Bb6 16. a4 a5 17. Ra2 Rd3 18. exf6 Rfd8 19. Bf4 gxf6 20. h3 Be6
21. Rb2 Bd5 22. Re1 Kf7 23. Rc1 Rg8 24. g3 Rf3 25. bxa5 Ba7 26. Bxc7 Rgxg3+ 27.
Bxg3 Rxg3+ 28. Kf1 Rxh3 29. Ke2 Bb8 30. Nd2 Be5 31. f3 Rh2+ 32. Ke3 Rh4 33. Rb4
Rh2 34. Ne4 Bc7 35. Rb5 Bc6 36. Rc5 Bb8 37. Kd3 Ba7 38. Rf5 Kg7 39. Rb1 Ra2 40.
Nd6 Kg6 41. Rf4 h5 42. Nxb7 Kg5 43. Rfb4 Rf2 44. f4+ Kg4 45. Nd6 h4 46. a6 h3
47. Nb5 h2 48. Nxa7 Bg2 49. Rb8 Bf1+ 50. Rxf1 Rxf1 51. Rh8 Rf3+ 52. Ke4 f5+ 53.
Ke5 Re3+ 54. Kf6 Rh3 55. Rxh3 Kxh3 56. Kxf5 h1=Q 57. Nb5 Qd5+ 58. Kf6 Qc6+ 59.
Ke7 Qxa6 60. f5 Qb7+ 61. Ke6 Qc8+ 62. Ke5 Qe8+ 63. Kd6 Kg4 64. Kc5 Qc8+ 65. Kb6
Qb8+ 66. Kc6 Qa8+ 67. Kd6 Kxf5 68. Nd4+ Ke4 69. Ne6 Qd5+ 70. Ke7 Ke5 71. Nd8
Qd6+ 72. Ke8 Kf6 73. Nf7 Qe7# 0-1

[Event "USCL New York vs Carolina"]
[Site "Internet Chess Club"]
[Date "2006.10.11"]
[Round "7"]
[White "Bonin, Jay"]
[Black "Zaikov, Oleg"]
[Result "1/2-1/2"]
[WhiteElo "2379"]
[BlackElo "2331"]
[PlyCount "101"]
[EventDate "2006.??.??"]

1. d4 Nf6 2. Nf3 c5 3. d5 b5 4. Bg5 Ne4 5. Qd3 Nxg5 6. Nxg5 e6 7. h4 c4 8. Qf3
Qf6 9. Nc3 Qxf3 10. exf3 h6 11. Nge4 f5 12. Nd2 a6 13. g3 Bb7 14. Bg2 e5 15.
Bh3 Bb4 16. Bxf5 Bxc3 17. bxc3 Bxd5 18. Be4 Bxe4 19. fxe4 Nc6 20. a4 Ke7 21.
Ke2 Raf8 22. axb5 axb5 23. Rhb1 b4 24. Nxc4 bxc3 25. Ra3 Nd4+ 26. Kf1 Rf6 27.
Ne3 Rc6 28. Rxc3 Rxc3 29. Nd5+ Ke6 30. Nxc3 Rc8 31. Rb6+ Kf7 32. Nb5 Nxb5 33.
Rxb5 Ke6 34. Rb2 Rc4 35. f3 Rc3 36. Kf2 h5 37. f4 Rc4 38. Rb6+ d6 39. f5+ Ke7
40. Rb7+ Kf6 41. Rd7 Rxc2+ 42. Kf3 Rc3+ 43. Kg2 Rd3 44. Kf2 g6 45. fxg6 Kxg6
46. Ke2 Rxg3 47. Rxd6+ Kf7 48. Rh6 Rg4 49. Rxh5 Rxe4+ 50. Kf3 Rf4+ 51. Kg3
1/2-1/2

[Event "USCL New York vs Carolina"]
[Site "Internet Chess Club"]
[Date "2006.10.11"]
[Round "7"]
[White "Jones, Craig"]
[Black "Shahade, Jennifer"]
[Result "1-0"]
[WhiteElo "2294"]
[BlackElo "2318"]
[PlyCount "61"]
[EventDate "2006.??.??"]

1. Nf3 g6 2. c4 Bg7 3. e4 e5 4. d4 exd4 5. Nxd4 d6 6. Be2 Nf6 7. Nc3 O-O 8. Bg5
Re8 9. f3 c6 10. Qd2 Na6 11. Rd1 Nc7 12. O-O Ne6 13. Nxe6 Bxe6 14. c5 Qa5 15.
cxd6 Nd7 16. f4 Bxa2 17. Nxa2 Qxa2 18. Bg4 Nf6 19. Bxf6 Bxf6 20. e5 Bd8 21. d7
Rf8 22. f5 Qc4 23. f6 Qc5+ 24. Kh1 Qxe5 25. Rde1 Qa5 26. b4 Qb5 27. Qh6 Bxf6
28. Rxf6 Qxb4 29. Qh4 a5 30. Ref1 Qd2 31. Be6 1-0

[Event "USCL Baltimore vs Philadelphia"]
[Site "Internet Chess Club"]
[Date "2006.10.11"]
[Round "7"]
[White "Wilson, Elvin"]
[Black "Rohonyan, Katerina"]
[Result "1/2-1/2"]
[WhiteElo "2240"]
[BlackElo "2292"]
[PlyCount "120"]
[EventDate "2006.??.??"]

1. d4 d6 2. Nf3 Nf6 3. c4 Nbd7 4. Nc3 e5 5. e4 Be7 6. Be2 O-O 7. O-O c6 8. Re1
h6 9. Bf1 Nh7 10. d5 c5 11. Be3 Re8 12. h3 Ndf8 13. Kh2 Bd7 14. g3 Qc8 15. a3
a5 16. b3 Ng6 17. Bg2 Rb8 18. Ra2 Bf6 19. Nb5 Bxb5 20. cxb5 Bg5 21. Nd2 Qd7 22.
a4 Bxe3 23. Rxe3 Ne7 24. h4 Nc8 25. Bh3 Qd8 26. Bxc8 Rxc8 27. Nc4 Nf6 28. b6 h5
29. Kg2 Ra8 30. Qe1 Re7 31. Rae2 Ra6 32. Rf3 Rd7 33. Qd1 g6 34. Rd3 Kg7 35. Qd2
Ng8 36. Qc3 Kh7 37. Rd1 Ne7 38. f4 exf4 39. gxf4 Nc8 40. Qg3 Nxb6 41. Rf1 Nxc4
42. bxc4 Rb6 43. e5 Rb4 44. f5 dxe5 45. Rxe5 Rxc4 46. fxg6+ fxg6 47. Rxh5+ gxh5
48. Qd3+ Kh8 49. Qxc4 Rxd5 50. Qf4 Rd2+ 51. Kh1 Qd5+ 52. Rf3 Rd1+ 53. Kg2 Qd2+
54. Qxd2 Rxd2+ 55. Kg3 Rd4 56. Rf5 Rg4+ 57. Kh3 Rxa4 58. Rxh5+ Kg7 59. Rxc5 Kh6
60. Rb5 Ra3+ 1/2-1/2

[Event "USCL Tennessee vs Boston"]
[Site "Internet Chess Club"]
[Date "2006.10.11"]
[Round "7"]
[White "Kelleher, William"]
[Black "Andrews, Todd"]
[Result "1/2-1/2"]
[WhiteElo "2387"]
[BlackElo "2350"]
[PlyCount "91"]
[EventDate "2006.??.??"]

1. e4 e6 2. d4 d5 3. e5 c5 4. c3 Nc6 5. Nf3 Bd7 6. Bd3 cxd4 7. cxd4 Qb6 8. O-O
Nxd4 9. Nbd2 Nc6 10. Nb3 Nge7 11. Be3 Qc7 12. Rc1 Ng6 13. Nc5 a5 14. Nxd7 Qxd7
15. Bb5 Be7 16. Qa4 O-O 17. Rxc6 bxc6 18. Bxc6 Qc7 19. Bxa8 Rxa8 20. Rc1 Qb7
21. Qc6 Qxc6 22. Rxc6 a4 23. g3 Kf8 24. h4 h5 25. Kg2 Ke8 26. Bb6 f6 27. exf6
gxf6 28. Rxe6 Ra6 29. Nd4 Kd7 30. f4 Nf8 31. Rc6 Bd6 32. f5 Be5 33. Bc5 Ra8 34.
Rb6 Kc7 35. Nb5+ Kd7 36. b4 axb3 37. axb3 Rc8 38. b4 Ra8 39. Kh3 Nh7 40. g4 Rg8
41. gxh5 Rg3+ 42. Kh2 Rg4+ 43. Kh3 Rg3+ 44. Kh2 Rg4+ 45. Kh3 Rg3+ 46. Kh2
1/2-1/2

[Event "USCL Tennessee vs Boston"]
[Site "Internet Chess Club"]
[Date "2006.10.11"]
[Round "7"]
[White "Krasik, Ilya"]
[Black "Wheeler, Jerry"]
[Result "1-0"]
[WhiteElo "2202"]
[BlackElo "2206"]
[PlyCount "73"]
[EventDate "2006.??.??"]

1. d4 Nf6 2. c4 c5 3. d5 b5 4. Nf3 g6 5. cxb5 a6 6. b6 Qxb6 7. Nc3 d6 8. e4 Bg7
9. Nd2 O-O 10. Be2 Nbd7 11. Nc4 Qc7 12. a4 Rb8 13. a5 Ne8 14. O-O Ne5 15. Nb6
Qa7 16. Bg5 f6 17. Be3 Nc7 18. b4 f5 19. exf5 gxf5 20. bxc5 f4 21. Bd4 f3 22.
Bxf3 dxc5 23. Bxc5 Nxf3+ 24. gxf3 Bxc3 25. Na4 Qb7 26. Nxc3 Bh3 27. Rb1 Nb5 28.
Re1 Rf7 29. Kh1 Qc7 30. Rg1+ Kf8 31. Ne4 Nd6 32. Qd4 Ke8 33. Rg8+ Kd7 34. Rgxb8
Nb5 35. R8xb5 axb5 36. Ng5 Rf4 37. Qe3 1-0

[Event "USCL San Francisco vs Seattle"]
[Site "Internet Chess Club"]
[Date "2006.10.11"]
[Round "7"]
[White "Mikhailuk, Slava"]
[Black "Bhat, Vinay"]
[Result "0-1"]
[WhiteElo "2433"]
[BlackElo "2463"]
[PlyCount "56"]
[EventDate "2006.??.??"]

1. c4 e6 2. Nf3 d5 3. g3 dxc4 4. Qa4+ Nd7 5. Bg2 a6 6. Qxc4 b5 7. Qc6 Rb8 8. d4
Bb7 9. Qc2 c5 10. O-O Ngf6 11. Bg5 Rc8 12. a4 b4 13. Rd1 cxd4 14. Qd2 Qc7 15.
Bf4 Qb6 16. a5 Qa7 17. Nxd4 Bxg2 18. Kxg2 e5 19. Nf5 exf4 20. Qxf4 Qb8 21. Rd6
Bxd6 22. Nxd6+ Ke7 23. Qe3+ Kxd6 24. Nc3 bxc3 25. Rd1+ Nd5 26. Qf3 N7f6 27.
bxc3 Ke7 28. e4 Nxc3 0-1

[Event "USCL San Francisco vs Seattle"]
[Site "Internet Chess Club"]
[Date "2006.10.11"]
[Round "7"]
[White "Pruess, David"]
[Black "Readey, John"]
[Result "0-1"]
[WhiteElo "2453"]
[BlackElo "2326"]
[PlyCount "152"]
[EventDate "2006.??.??"]

1. e4 d6 2. Nc3 g6 3. f4 Bg7 4. Nf3 Nf6 5. e5 Nfd7 6. d4 c5 7. Bc4 O-O 8. e6
Nb6 9. exf7+ Kh8 10. Be2 cxd4 11. Nxd4 Nc6 12. Be3 Rxf7 13. O-O Bd7 14. a4 Nb4
15. Nf3 Rc8 16. Bd4 Rxf4 17. Bxg7+ Kxg7 18. g3 Rf6 19. Ne4 Nxc2 20. Nxf6 exf6
21. Qxd6 Nxa1 22. Rxa1 Bxa4 23. Qb4 Qe8 24. Kf1 Bc6 25. Nd4 Nd5 26. Qd6 a6 27.
Re1 Qd7 28. Qxd7+ Bxd7 29. Bf3 Rc4 30. Ne6+ Bxe6 31. Rxe6 Rc5 32. Rd6 Ne3+ 33.
Ke2 Nf5 34. Rd7+ Kh6 35. Kd3 b5 36. Ra7 Re5 37. Bc6 Re3+ 38. Kd2 Re6 39. Rxa6
Rd6+ 40. Kc3 Nd4 41. Bb7 Rd7 42. Bg2 Nf5 43. Rxf6 b4+ 44. Kxb4 Rd2 45. Be4 Rd4+
46. Kc5 Rxe4 47. b4 Re5+ 48. Kc4 Re2 49. g4 Re4+ 50. Kc5 Rxg4 51. b5 Rg2 52. b6
Rc2+ 53. Kb5 Kg5 54. Rf8 Nd4+ 55. Ka4 Rb2 56. Ka5 Rxh2 57. b7 Rb2 58. Ka6 h5
59. Rd8 Nf5 60. b8=Q Rxb8 61. Rxb8 h4 62. Kb5 h3 63. Rh8 Nh4 64. Ra8 h2 65. Ra1
Nf3 66. Rh1 Kg4 67. Kc4 Kg3 68. Kd5 Kg2 69. Ra1 h1=Q 70. Rxh1 Kxh1 71. Ke4 Kg2
72. Kf4 Kf2 73. Kg4 Ke3 74. Kg3 Ke4 75. Kg4 g5 76. Kg3 Ne5 0-1

[Event "USCL San Francisco vs Seattle"]
[Site "Internet Chess Club"]
[Date "2006.10.11"]
[Round "7"]
[White "Lee, Michael"]
[Black "Shankland, Sam"]
[Result "1-0"]
[WhiteElo "2124"]
[BlackElo "2161"]
[PlyCount "65"]
[EventDate "2006.??.??"]

1. c4 f5 2. g3 Nf6 3. Bg2 g6 4. Nc3 Bg7 5. e3 d6 6. Nge2 O-O 7. O-O e5 8. d3 c6
9. f4 Be6 10. b3 Qb6 11. d4 exd4 12. exd4 d5 13. Ba3 Re8 14. c5 Qc7 15. b4 Ne4
16. Rb1 Bf7 17. Bxe4 dxe4 18. d5 cxd5 19. Nb5 Qe7 20. Nd6 Rd8 21. Bb2 d4 22.
Nxd4 Bxa2 23. Ra1 Be6 24. Nxe6 Bxb2 25. Qb3 Bxa1 26. Nxd8+ Kg7 27. Rxa1 Qxd8
28. Qf7+ Kh6 29. Rd1 Qh8 30. Nxf5+ Kh5 31. Ne3 Kh6 32. Rd5 Qa1+ 33. Kg2 1-0

[Event "USCL Philadelphia vs Carolina"]
[Site "Internet Chess Club"]
[Date "2006.10.16"]
[Round "8"]
[White "Hoekstra, Matthew"]
[Black "Smith, Bryan"]
[Result "1/2-1/2"]
[WhiteElo "2391"]
[BlackElo "2442"]
[PlyCount "103"]
[EventDate "2006.??.??"]

1. d4 Nf6 2. c4 e6 3. Nc3 Bb4 4. e3 b6 5. Nge2 Ba6 6. a3 Bxc3+ 7. Nxc3 d5 8.
Qf3 O-O 9. g4 Bb7 10. Bd3 c5 11. g5 Ne8 12. Rg1 g6 13. h4 cxd4 14. exd4 Nc6 15.
Be3 dxc4 16. Be4 Rc8 17. O-O-O Nd6 18. h5 Qe7 19. Bf4 Nxe4 20. Nxe4 Na5 21. d5
Bxd5 22. Rxd5 exd5 23. Nf6+ Kh8 24. Nxd5 Qe6 25. Qc3+ f6 26. Rd1 Qf5 27. Qc2
Nb3+ 28. Kb1 fxg5 29. Bd6 gxh5 30. Qxf5 Rxf5 31. Ne7 Rcf8 32. Bb4 Kg7 33. Bc3+
R5f6 34. Rd6 R8f7 35. Nf5+ Kg6 36. Ne7+ Rxe7 37. Rxf6+ Kg7 38. Rf5+ Kg6 39.
Rf6+ Kg7 40. Rf5+ Kg8 41. Rxg5+ Kf7 42. Rxh5 Kg6 43. Rh4 b5 44. Rf4 Re2 45. a4
Kg5 46. Rf7 bxa4 47. Rxh7 Rxf2 48. Ka2 Nc1+ 49. Ka3 Nd3 50. Rxa7 Rf1 51. Ra5+
Kf4 52. Kxa4 1/2-1/2

[Event "USCL Philadelphia vs Carolina"]
[Site "Internet Chess Club"]
[Date "2006.10.16"]
[Round "8"]
[White "Costigan, Richard"]
[Black "Jones, Craig"]
[Result "1/2-1/2"]
[WhiteElo "2287"]
[BlackElo "2294"]
[PlyCount "106"]
[EventDate "2006.??.??"]

1. d4 Nf6 2. Nf3 d5 3. g3 g6 4. Bg2 Bg7 5. c4 O-O 6. cxd5 Nxd5 7. e4 Nb6 8. h3
c5 9. d5 e6 10. d6 Nc4 11. Qc2 Nxd6 12. e5 Nf5 13. O-O Nd7 14. Re1 Nd4 15. Nxd4
cxd4 16. f4 f6 17. exf6 Qxf6 18. Nd2 e5 19. Nc4 exf4 20. Bxf4 Nb6 21. Nd6 Bf5
22. Nxf5 Qxf5 23. Qxf5 Rxf5 24. Bxb7 Rd8 25. Rad1 Nd5 26. Bd2 d3 27. g4 Bd4+
28. Kh1 Rf3 29. Bg5 Rd7 30. Ba8 h5 31. Re4 Bxb2 32. Kg2 Rf8 33. Bc6 Rd6 34.
Bxd5+ Rxd5 35. Bh6 Bg7 36. Bxg7 Kxg7 37. Rd2 h4 38. Re3 Rc8 39. Rexd3 Rxd3 40.
Rxd3 Rc2+ 41. Kf3 Rxa2 42. Kf4 Ra5 43. Rd8 g5+ 44. Ke4 Kf6 45. Rd6+ Ke7 46. Rg6
Kd7 47. Kd4 Ke7 48. Ke4 Kf7 49. Rc6 Rb5 50. Ra6 Rb4+ 51. Kf5 Rb5+ 52. Ke4 Rb4+
53. Kf5 Rb5+ 1/2-1/2

[Event "USCL Philadelphia vs Carolina"]
[Site "Internet Chess Club"]
[Date "2006.10.16"]
[Round "8"]
[White "Levina, Anna"]
[Black "Shahade, Michael"]
[Result "1/2-1/2"]
[WhiteElo "2087"]
[BlackElo "2242"]
[PlyCount "27"]
[EventDate "2006.??.??"]

1. e4 d5 2. exd5 Qxd5 3. Nc3 Qa5 4. Nf3 Nf6 5. h3 c6 6. d4 Bf5 7. Bd3 Bxd3 8.
Qxd3 Qa6 9. Qxa6 Nxa6 10. Bf4 Nb4 11. O-O-O Nfd5 12. Nxd5 cxd5 13. a3 Nc6 14.
Ne5 1/2-1/2

[Event "USCL New York vs Boston"]
[Site "Internet Chess Club"]
[Date "2006.10.18"]
[Round "8"]
[White "Krasik, Ilya"]
[Black "Herman, Matt"]
[Result "0-1"]
[WhiteElo "2202"]
[BlackElo "2172"]
[PlyCount "80"]
[EventDate "2006.??.??"]

1. d4 c5 2. d5 e5 3. e4 d6 4. Nc3 Nd7 5. Nf3 g6 6. Nd2 a6 7. a4 Bg7 8. Be2 f5
9. exf5 gxf5 10. Bh5+ Kf8 11. Nf3 h6 12. O-O b6 13. g3 Ndf6 14. Nh4 Ne7 15.
Ng6+ Nxg6 16. Bxg6 Rb8 17. Qf3 Qd7 18. Rb1 Ng4 19. Bh5 Nf6 20. Bg6 Ng4 21. Qg2
h5 22. f3 Nf6 23. Bg5 Nh7 24. Be3 Nf6 25. Qd2 Ng8 26. b4 cxb4 27. Rxb4 Ne7 28.
Bxh5 Rxh5 29. Bxb6 Kg8 30. Qe2 Rh7 31. a5 Bb7 32. Rfb1 Rc8 33. Nd1 Nxd5 34.
R4b3 Nxb6 35. Rxb6 Rc7 36. Qd3 e4 37. Qb3+ Kh8 38. Rxb7 Rxb7 39. Qxb7 Qxb7 40.
Rxb7 Bd4+ 0-1

[Event "USCL Baltimore vs Dallas"]
[Site "Internet Chess Club"]
[Date "2006.10.18"]
[Round "8"]
[White "Blehm, Pawel"]
[Black "Panchanathan, Magesh"]
[Result "0-1"]
[WhiteElo "2589"]
[BlackElo "2544"]
[PlyCount "140"]
[EventDate "2006.??.??"]

1. e4 e5 2. Nf3 Nc6 3. Bb5 a6 4. Ba4 Nf6 5. Qe2 Be7 6. c3 b5 7. Bb3 O-O 8. O-O
d6 9. Rd1 Na5 10. Bc2 c5 11. d4 Qc7 12. d5 c4 13. b4 cxb3 14. axb3 Nd7 15. Bd2
Nb7 16. Be1 Nb6 17. Nbd2 f5 18. h3 Nc5 19. Rac1 a5 20. b4 Nxe4 21. Nxe4 fxe4
22. Bxe4 Nc4 23. Qc2 g6 24. Bxg6 Rxf3 25. Bxh7+ Kh8 26. gxf3 Bg5 27. Qg6 Qxh7
28. Qxg5 Bxh3 29. Qf6+ Kg8 30. Bd2 Nxd2 31. Rxd2 Rf8 32. Qg5+ Kf7 33. bxa5 Rg8
34. Qg3 Qh6 35. Rcc2 Rxg3+ 36. fxg3 Qe3+ 37. Rf2 Bf5 38. Ra2 Bb1 39. Ra1 Bd3
40. a6 Qa7 41. Kg2 Bc4 42. Rd2 Ke8 43. Rdd1 Kf8 44. Rd2 Bb3 45. Ra3 Qe3 46. Rf2
Bxd5 47. a7 Ba8 48. Raa2 Ke7 49. Ra1 Kd7 50. Rh1 e4 51. Rh7+ Kc6 52. Rh8 exf3+
53. Rxf3 Qe2+ 54. Rf2 Qe4+ 55. Kh2 Kb6 56. Rxa8 Qxa8 57. Ra2 d5 58. g4 d4 59.
cxd4 b4 60. g5 Kb5 61. g6 b3 62. Rb2 Kc4 63. g7 Qg8 64. Rg2 Qh7+ 65. Kg1 b2 66.
g8=Q+ Qxg8 67. Rxg8 b1=Q+ 68. Kf2 Qa2+ 69. Ke3 Qa3+ 70. Ke4 Qe7+ 0-1

[Event "USCL Tennessee vs San Francisco"]
[Site "Internet Chess Club"]
[Date "2006.10.18"]
[Round "8"]
[White "Burnett, Ron"]
[Black "Friedel, Josh"]
[Result "1/2-1/2"]
[WhiteElo "2423"]
[BlackElo "2528"]
[PlyCount "60"]
[EventDate "2006.??.??"]

1. d4 Nf6 2. c4 c5 3. Nf3 cxd4 4. Nxd4 e5 5. Nb5 d5 6. cxd5 Bc5 7. N5c3 O-O 8.
e3 e4 9. a3 a5 10. Nd2 Qe7 11. d6 Bxd6 12. Ndxe4 Nxe4 13. Nxe4 Rd8 14. Nxd6
Rxd6 15. Qh5 Nc6 16. Be2 Be6 17. Bd2 Rxd2 18. Kxd2 Qf6 19. Rhd1 Qxf2 20. Qf3
Qh4 21. Qf4 Qxf4 22. exf4 Nd4 23. Bf3 Nb3+ 24. Ke3 Re8 25. Kf2 Nxa1 26. Rxa1
Rc8 27. Rd1 Kf8 28. Rd2 b6 29. Be4 Ke7 30. Ke3 g6 1/2-1/2

[Event "USCL Tennessee vs San Francisco"]
[Site "Internet Chess Club"]
[Date "2006.10.18"]
[Round "8"]
[White "Pruess, David"]
[Black "Andrews, Todd"]
[Result "1-0"]
[WhiteElo "2453"]
[BlackElo "2350"]
[PlyCount "87"]
[EventDate "2006.??.??"]

1. e4 e6 2. d4 d5 3. Nc3 Bb4 4. e5 Qd7 5. Bd2 b6 6. Bb5 c6 7. Ba4 Ba6 8. Nce2
Bxd2+ 9. Qxd2 Bb5 10. Bb3 Bc4 11. Bxc4 dxc4 12. Nf3 Ne7 13. Ng3 Na6 14. O-O h5
15. Qg5 O-O-O 16. Nxh5 Nf5 17. c3 Rh6 18. Ng3 Rg6 19. Qd2 Nc7 20. Qe2 Qd5 21.
Rad1 Rh8 22. Nd2 b5 23. Qf3 Nh4 24. Qxd5 Nxd5 25. Rde1 Nf4 26. Re4 Nhxg2 27. f3
f5 28. exf6 gxf6 29. a4 f5 30. Re5 a6 31. axb5 axb5 32. Ra1 Kb7 33. b3 cxb3 34.
Nxb3 Nh4 35. Nc5+ Kb8 36. Kf2 Nh3+ 37. Ke2 f4 38. Nge4 Rg2+ 39. Kd3 Nxf3 40.
Rxe6 Rd8 41. Re7 Ne1+ 42. Rxe1 f3 43. Rb7+ Kc8 44. Ra1 1-0

[Event "USCL Tennessee vs San Francisco"]
[Site "Internet Chess Club"]
[Date "2006.10.18"]
[Round "8"]
[White "Wheeler, Jerry"]
[Black "Zilberstein, Dmitry"]
[Result "0-1"]
[WhiteElo "2200"]
[BlackElo "2435"]
[PlyCount "64"]
[EventDate "2006.??.??"]

1. c4 Nf6 2. Nc3 g6 3. Nf3 Bg7 4. g3 O-O 5. Bg2 c6 6. d4 d6 7. O-O Qa5 8. d5
Qa6 9. Nd2 cxd5 10. cxd5 Nbd7 11. Rb1 Ne5 12. h3 Bf5 13. e4 Bd7 14. Re1 e6 15.
dxe6 fxe6 16. Bf1 Qb6 17. Nc4 Nxc4 18. Bxc4 Ng4 19. Be3 Nxe3 20. fxe3 Be5 21.
Kg2 Rf6 22. Qe2 Raf8 23. Rf1 Rxf1 24. Rxf1 Rxf1 25. Kxf1 Bxg3 26. Kg2 Be5 27.
Bb3 Qd8 28. Qg4 Kg7 29. Kf3 Qf6+ 30. Ke2 Bxc3 31. bxc3 Qxc3 32. Bxe6 h5 0-1